| 000 | 00510nam a2200169 i 4500 | ||
|---|---|---|---|
| 001 | bg | ||
| 245 | 0 |
_aKodeks pracy : _bstan prawny na dzień 15 II 1993 r. / _c[red. Krzysztof Kazimierczak]. |
|
| 250 | _aStan prawny na dzień 15 lutego 1993 r. | ||
| 260 |
_aKraków : _bOficyna Wydawnicza "Opal", _c1993. |
||
| 300 |
_a104 s. ; _c21 cm. |
||
| 700 | 1 |
_aKAZIMIERCZAK, Krzysztof. _eoprac. |
|
| 040 | _cBPK | ||
| 041 | _apol | ||
| 080 | _a349.2(438) | ||
| 942 | _cKS | ||
| 008 | s pl f |000 0 pol | ||
| 999 |
_c29970 _d29970 |
||
| 856 |
_uhttp://koha.tu.koszalin.pl/cgi-bin/koha/opac-detail.pl?biblionumber=29970 _yKatalog online BPK |
||